Najludniejsze państwa według roku - Statystyki

Ogólne statystyki
  • Ten quiz został rozwiązany 4 427 razy
  • Średni wynik to 20 z 30
Statystyki odpowiedzi
Rok Państwo % Poprawnych
1500, 1800, 1900, 1950, 2000, 2050 Chiny
99%
1800 Imperium Marathów
98%
1950, 2000, 2050 Indie
98%
1900, 1950, 2000, 2050 Stany Zjednoczone
98%
1800, 1900 Cesarstwo Rosyjskie
96%
2000 Rosja
96%
1950, 2000, 2050 Brazylia
92%
1900 Niemcy
90%
1500 Francja
89%
1500, 1800, 1900, 1950 Imperium Francuskie
89%
1500, 1800, 1900, 1950, 2000 Japonia
86%
1800, 1900, 1950 Imperium Brytyjskie
85%
1500, 1800 Imperium Hiszpańskie
82%
1900 Włochy
80%
1500 Rzeczypospolita Obojga Narodów
79%
2000, 2050 Nigeria
78%
1950, 2000, 2050 Indonezja
77%
1900 Austro-Węgry
69%
1950, 2000, 2050 Pakistan
68%
2000, 2050 Bangladesz
62%
2050 Etiopia
47%
1500, 1800 Imperium Osmańskie
47%
1950 Związek Radziecki
45%
2050 Filipiny
42%
1900 Holenderskie Imperium Kolonialne
40%
1500 Królestwo Węgier
26%
1800 Imperium Habsburgów
23%
1500 Imperium Inków
10%
1500 Imperium Azteków
7%
1500, 1800 Święte Cesarstwo Rzymskie
5%
Nie znaleziono quizów pasujących do podanych kryteriów
Rozkład punktacji
Procent ludzi z każdym wynikiem
Percentyl według liczby udzielonych odpowiedzi
Twoja historia wyników
Nie rozwiązałeś tego quizu